000 00347nam a2200145Ia 4500
008 230917s9999||||xx |||||||||||||| ||und||
040 _e211742
_aMAIN
041 _aEnglish
082 _a658.4 H57I
100 _aHimanshu
245 0 _aImpact of employeeship on organizational excellence.
260 _c2012
300 _a209 p.
942 _cTH
999 _c125913
_d125913